000 01040nam0a2200277 4500
001 RU\NLR\BIBL_A\011734671
005 20260406073224.0
035 _a(NLR Aleph) 011734671
090 _a13417481
_c13417481
100 _a20180621d1904 |||y0rusy50 ca
101 0 _atat
102 _aRU
105 _ay z 000 y
200 1 _aМоназарә
_fнәшире: әл-хаҗ әл-Хәрәмәен вә әл-кодес әл-шәриф Мөхәммәдкамил әл-Мотыйгый
210 _aОренбург
_cМөхәммәдфатих бине Гыйльман Кәримов матбагасы
_d1904
215 _a38 б.
_d15
300 _aАраб. графика.
541 1 _6z01790
_a[Спор].
_zrus
686 1 _aЭ38-4
700 1 _aМотыйгый
_bК.
_f1883-1941
_gКамил
_4070
790 1 _4070
_7ca
_8rus
_aМутыги
_bК.
_f1883-1941
_gКамиль
_9131173
_3RU\NLR\auth-onl\771118
852 _aNLR
_bОНЛ
_jТатар./1-68
852 _aNLR
_bОНЛ
_jТатар./1-68
942 _cBOOK
980 _aNB